| 000 | 00000nam##2200000za#4500 |
| 001 | 9.663339 |
| 003 | CaOODSP |
| 005 | 20200401064612 |
| 007 | ta |
| 008 | 150407|2002||||xxc||||| f|0| 0 eng|d |
| 020 | |a0-662-66191-5 |
| 040 | |aCaOODSP|beng |
| 041 | |aeng |
| 041 | |afre |
| 043 | |an-cn--- |
| 086 | 1 |aH39-597/2002 |
| 110 | 1 |aCanada.|bHealth Canada. |bPopulation and Public Health Branch. |
| 245 | 10|aProtecting the health and safety of Canadians: the Centre for Emergency Preparedness and Response |
| 260 | |aOttawa - Ontario : |bHealth Canada. |c2002. |
| 300 | |aEnglish text, 6p. : |bcoloured illus. ; |c27 cm. |
| 563 | |aSoftcover |
| 590 | |a02-22|b2002-05-31 |
| 690 | 07|aEmergency preparedness|2gcpds |
| 776 | 0#|tPour protéger la santé et assurer la sécurité des Canadiens: le Centre de mesures et d'interventions d'urgence |w(CaOODSP)9.663754 |
| 776 | 0#|tProtecting the health and safety of Canadians : |w(CaOODSP)9.695877 |
| 776 | 0#|tPour protéger la santé et assurer la sécurité des Canadiens : |w(CaOODSP)9.640000 |
| 792 | |tPour protéger la santé et assurer la sécurité des Canadiens: le Centre de mesures et d'interventions d'urgence |efre|w(CaOODSP)9.663340 |